Cautivo del deseo

Philip, un estudiante de medicina, se enamora perdidamente de una camarera llamada Mildred. Ella, que le hace creer que también lo ama, ejerce sobre el joven un influjo tan poderoso que, a pesar de las humillaciones y desprecios a que lo somete, vuelve con ella una y otra vez. Esta situación de ines...

Descripción completa

Detalles Bibliográficos
Otros Autores: Cromwell, John 1888-1979 (Conductor)
Formato: DVD
Lenguaje:inglés
Publicado: Estados Unidos: CÍRCULO DIGITAL S.L., 2004
Materias:

MARC

LEADER 00000ngm a22000007a 4500
001 030920
003 UAHC_CL
005 20190731064415.0
008 130506s2004 us 130 e vleng d
952 |0 0  |1 0  |4 0  |6 DVD_967  |7 0  |8 COMP  |9 92041  |a BC  |b BC  |c Referencia  |d 2019-05-07  |e DONACION  |l 0  |o DVD-967  |p 1443336  |r 2021-12-01 00:00:00  |t c.1  |w 2019-05-07  |y DVD 
999 |c 52076  |d 52076 
040 |a UAHC_CL  |c UAHC_CL  |d UAHC_CL 
245 1 0 |a Cautivo del deseo   |c John Cromwell. 
260 |a Estados Unidos:  |b CÍRCULO DIGITAL S.L.,   |c 2004 
300 |a 1 videodisco (83 min.) 
500 |a Serie: Obras Maestras del Cine. 
520 |a Philip, un estudiante de medicina, se enamora perdidamente de una camarera llamada Mildred. Ella, que le hace creer que también lo ama, ejerce sobre el joven un influjo tan poderoso que, a pesar de las humillaciones y desprecios a que lo somete, vuelve con ella una y otra vez. Esta situación de inestabilidad lo lleva a fracasar en los estudios, pero entonces empieza a comprender cuáles son las verdaderas intenciones de Mildred.  
650 0 |a Películas cinematográficas  |9 3382  |z Estados Unidos  
650 0 |a Drama  |9 5 
700 |a Cromwell, John  |e dir.  |9 7810  |d 1888-1979 
900 |a DVD-967 
942 |c DVD  |2 ddc